Online Catalogue and eLibrary

Can They Rise? : (Record no. 826)

MARC details
000 -LEADER
fixed length control field 00396nam a2200157Ia 4500
005 - DATE AND TIME OF LATEST TRANSACTION
control field 20240719033755.0
008 - FIXED-LENGTH DATA ELEMENTS--GENERAL INFORMATION
fixed length control field 240331s9999 xx 000 0 und d
082 ## - DDC Classification
Class No. 282
Item Number - Author Mark PER
100 ## - MAIN ENTRY--PERSONAL NAME
Personal name Perera, L
245 #0 - TITLE STATEMENT
Title Can They Rise? :
Remainder of title a challenge to the Laity today
260 ## - PUBLICATION, DISTRIBUTION, ETC.
Place of publication, distribution, etc. Colombo
Name of publisher, distributor, etc. Centre for society
Date of publication, distribution, etc. 1988
300 ## - PHYSICAL DESCRIPTION
Extent (e.g. Volumes, Pages etc.) 155 p .,
650 ## - SUBJECT ADDED ENTRY--TOPICAL TERM
Topical term or geographic name entry element Religious
650 ## - SUBJECT ADDED ENTRY--TOPICAL TERM
Topical term or geographic name entry element Practical
942 ## - Koha item type (Biblio)
Koha item type Books in Stacks (Lending)
Holdings
Lost status Damaged status Collection code Home library Current library Shelving location Date acquired Full call number Accession Number Item type
    Lending WERC Library WERC Library Social Science Cupboard 03/31/2024 282 PER 415 Books in Stacks (Lending)

© WERC Library